000 01151 a2200253 4500
001 32
005 20260407155403.0
008 260407a2003 arg spa d
003 AR-UNSa-BCEJYS
040 _aAR-UNSa-BCEJYS
_bspa
_cAR-UNSa-BCEJYS
080 _a35
_xAdministración Pública
245 1 0 _aLa crisis del estado
020 _a978-950-20-1517-0
264 1 _aBuenos Aires :
_bAbeledo Perrot
_c2003
300 _a167 p.
_c22 cm.
505 _a1. Crisis del Estado y global governance - 2. Poderes independientes, Estados, relaciones ultraestatales - 3. El fin de la soberanía económica del Estado - 4. La erosión del Estado: ¿un proceso irreversible? - 5. Los Estados en la red internacional de poderes públicos - 6. La unión Europea como organización pública compuesta - 7. La arena pública. Nuevos paradigmas para el Estado
041 _aspa
942 _cBK
590 _aniveau_biblio:m niveau_hierar:0
100 1 _aCassese, Sabino
700 1 _aCaiella, Pascual
700 1 _aGonzález Moras, Juan
856 4 1 _uhttps://biblioeco.unsa.edu.ar/pmb/images/libros/La crisis del estado-l116461.jpg
_yImagen de portada
_qimage/jpeg
999 _c24
_d24